Les fondements des mathématiques : intuitionnisme, théorie de la démonstration /
Guardado en:
| Autor Principal: | |
|---|---|
| Formato: | Libro |
| Idioma: | French |
| Publicado: |
Paris :
Gauthier-Villars,
1955.
|
| Series: | Collection de logique mathématique, sér. A ;
9 |
| Etiquetas: |
Agregar Etiqueta
Sin Etiquetas, Sea el primero en etiquetar este registro!
|
| LEADER | 00564nam a22001575a 4500 | ||
|---|---|---|---|
| 001 | MAT.inmabb001587 | ||
| 008 | 031124s1955####fr############000#0#fre#d | ||
| 005 | 20160812113210.0 | ||
| 245 | 1 | 4 | |a Les fondements des mathématiques : |b intuitionnisme, théorie de la démonstration / |c par A. Heyting. |
| 260 | |a Paris : |b Gauthier-Villars, |c 1955. | ||
| 300 | |a 91 p. ; |c 25 cm. | ||
| 440 | 0 | |a Collection de logique mathématique, sér. A ; |v 9 | |
| 100 | 1 | |a Heyting, A. |q (Arend), |d 1898-1980. | |
| 084 | |a 03Fxx |2 msc2000 | ||
| 010 | |a 55012852 | ||
| 859 | |h 03 |i H621f |p A-1969 |b BIB. MATEMATICA | ||
